Notice sur la Station Zoologique d'Arcachon / (Record no. 180672)

MARC details
000 -LEADER
campo de control de longitud fija 00655nam a2200181 i 4500
001 - NÚMERO DE CONTROL
campo de control 180672
003 - IDENTIFICADOR DE NÚMERO DE CONTROL
campo de control ES-MaACL
005 - FECHA Y HORA DE LA ÚLTIMA TRANSACCIÓN
campo de control 20230906221147.0
008 - DATOS DE LONGITUD FIJA--INFORMACIÓN GENERAL
campo de control de longitud fija 120620s1886 fr |||| | fre d
245 00 - MENCIÓN DEL TÍTULO
Título Notice sur la Station Zoologique d'Arcachon /
Mención de responsabilidad, etc. Station Zoologique d'Arcachon.
260 ## - PUBLICACIÓN, DISTRIBUCIÓN, ETC.
Lugar de publicación, distribución, etc. Arcachon : [s.n.],
Fecha de publicación, distribución, etc. 1886 (
Fabricante Imprimerie nouvelle G. Talon)
300 ## - DESCRIPCIÓN FÍSICA
Extensión 21 p., [1] h. de lám. ;
Dimensiones 23 cm.
594 ## - Nota al título y mención de responsabilidad
Nota al título y mención de responsabilidad Precede al tít.: Société Scientifique d'Arcachon.
610 24 - PUNTO DE ACCESO ADICIONAL DE MATERIA--NOMBRE DE ENTIDAD CORPORATIVA
Nombre de entidad corporativa o nombre de jurisdicción como elemento de entrada Station Zoologique d'Arcachon.
9 (RLIN) 150704
710 2# - ENTRADA AGREGADA--NOMBRE DE ENTIDAD CORPORATIVA
Nombre de entidad corporativa o nombre de jurisdicción como elemento de entrada Société Scientifique d'Arcachon.
9 (RLIN) 150703
852 ## - LOCALIZACIÓN
Ubicación ES-MaACL
Número de control de estantería T-461-F-10
852 ## - LOCALIZACIÓN
Ubicación ES-MaACL
Número de control de estantería T-669-F-5
Holdings
Estatus retirado Estado de pérdida Estado de daño No para préstamo Colección Biblioteca de origen Biblioteca actual Ubicación en estantería Fecha de adquisición Fuente de adquisición Total de préstamos Signatura topográfica completa Código de barras Visto por última vez Precio de reemplazo Tipo de ítem Koha
        Colección de folletos Biblioteca del Ateneo de Madrid Biblioteca del Ateneo de Madrid Depósito folletos 13/09/2013     T-669-F-5 1191832 23/02/2023 23/02/2023 Folleto
        Colección de folletos Biblioteca del Ateneo de Madrid Biblioteca del Ateneo de Madrid Depósito folletos 20/06/2012     T-461-F-10 1189843 23/02/2023 23/02/2023 Folleto